000 00341nam a2200121Ia 4500
008 231129s9999||||xx |||||||||||||| ||spa||
040 _bspa
082 _a657 R586cu (EN PROCESO DE DESCARTE) Ej. 2
100 _aRios Mejia Aquilino
245 0 _aCurso de contabilidad
264 _aMedellí­n (Colombia) : Bedout Editores
942 _2ddc
_cBKS
999 _c8650
_d8650